| 000 | 00504nam a2200193Ia 4500 | ||
|---|---|---|---|
| 005 | 20250508160237.0 | ||
| 008 | 008 250505s9999 xx 000 0 hin d | ||
| 037 | _aTextual | ||
| 040 |
_aFEDL _beng _cFEDL |
||
| 041 |
_ahin _2eng |
||
| 084 |
_a574, NCE _qFEDL |
||
| 100 |
_aPunchanan Maheswari Ed. _9768191 |
||
| 245 | 0 | _aJeev vigiyan. Part 3 | |
| 245 | 0 | _cNCERT | |
| 260 |
_aDelhi, India _bNCERT _c1970 |
||
| 300 | _ax,444p. | ||
| 942 |
_cTEXL _h574, NCE |
||
| 999 |
_c1363003 _d1363003 |
||